| 000 | 00356nam a2200157Ia 4500 | ||
|---|---|---|---|
| 100 | _aBurns/Ed/ Schal K/Chris | ||
| 650 | _aJSF | ||
| 942 | _cBK | ||
| 366 | _f25 | ||
| 245 | _aComplete Reference:Java server Faces 2.0 | ||
| 260 |
_bTata Mc Graw hill Ltd. _c2010 |
||
| 082 |
_a5.133 _bBUR |
||
| 300 | _a722 | ||
| 546 |
_aENGLISH _cComputers |
||
| 999 |
_c22603 _d22603 |
||